000 00361nam a22001577a 4500
005 20160629135740.0
008 160629b xxu||||| |||| 00| 0 eng d
041 _aeng
082 _b11044
100 _aSaxsena, Dr bahu Ram
_93199
245 _aSamanaya Bhasha Vigain
260 _bSamdan Puhicat
300 _a395
650 _aManagement
_9241
942 _cBK
999 _c4698
_d4696